000 00318nam a22001337a 4500
008 170627b xxu||||| |||| 00| 0 eng d
020 _a9780820504087
041 _aeng
080 _a34
100 _a21
101 _aSHJ
245 _aINTRODUCTION TO LEGAL WRITING AND ORAL ADVOCACY
_cSCHULTS, N.L
942 _2udc
_cBK
999 _c19201
_d19201